Semiconductor Physics And Devices (Record no. 225468)

MARC details
000 -LEADER
fixed length control field 00485nam a2200181Ia 4500
008 - FIXED-LENGTH DATA ELEMENTS--GENERAL INFORMATION
fixed length control field 230714s9999 xx 000 0 und d
020 ## - INTERNATIONAL STANDARD BOOK NUMBER
International Standard Book Number 9780000000000
041 ## - LANGUAGE CODE
Language code of text/sound track or separate title eng
082 ## - DEWEY DECIMAL CLASSIFICATION NUMBER
Classification number 621.382
Item number NEA
100 ## - MAIN ENTRY--PERSONAL NAME
Personal name Neamen D.A.
245 ## - TITLE STATEMENT
Title Semiconductor Physics And Devices
250 ## - EDITION STATEMENT
Edition statement 4th ed.
260 ## - PUBLICATION, DISTRIBUTION, ETC. (IMPRINT)
Date of publication, distribution, etc. 2013
Name of publisher, distributor, etc. McGraw Hill
300 ## - PHYSICAL DESCRIPTION
Extent 500
365 ## - TRADE PRICE
Currency code Rs.
Price amount 695.00
700 ## - ADDED ENTRY--PERSONAL NAME
Personal name Neamen D.A. & Biswas D.
9 (RLIN) 201623
906 ## - LOCAL DATA ELEMENT F, LDF (RLIN)
d O:0647004-Aug-2019B:554930-Jul-2019
c SE
b 347.5

No items available.